Osnovy teorii i projektirovanija linejnych indukcionnych ...

Uložené v:
Podrobná bibliografia
Hlavný autor: Ochremenko, N. M.
Médium: Kniha
Jazyk:Slovak
Vydané: 1968.
Tagy: Pridať tag
Žiadne tagy, Buďte prvý kto otaguje tento záznam!

MARC

LEADER 00000nam a22000004a 4500
001 000529607
005 20161216112856.0
008 161216s1968 xo e 000 0 slo d
040 |a SVKKK  |b slo  |c SVKKK  |e AACR2 
100 1 |a Ochremenko, N. M. 
245 1 0 |a Osnovy teorii i projektirovanija linejnych indukcionnych ... 
260 |c 1968. 
500 |a Záznam revízie 
910 |a svkkk 
998 |a BK 
090 |g SCKHL  |k Sklad  |a X0.8121  |j 035340  |i 529607-10  |4 Zastaraná  |s Vyradená